000 00862nam a2200265Ia 4500
001 21957
005 20260320113328.0
008 260320s9999||||xx |||||||||||||| ||und||
020 _a9786123179366
041 _aESP
082 _a711.409852
_bK414A
100 _aKahatt, Sharif S.,
_eAUT
245 0 _aAtlas de la vivienda colectiva en Lima :
_b arquitectura y proyecto urbano
246 _a
_5
_b
250 _aPrimera edición
260 _aLima :
_bPontificia Universidad Católica del Perú. Fondo Editorial,
_c2024
300 _a566 páginas :
_bilustraciones ;
_c24 cm.
_e
440 _a
_n
_v
650 _aABD
653 _aAtlas de la vivienda
654 _aCAU
700 _a
_c
856 _uhttps://www-architectureopenlibrary-com.ucsp.lookproxy.com/eng
_zVéase además: Base de datos Architecture Open Library
942 _cLIB
_dJUS
_fMIP
_2ddc
_n
999 _c21957
_d21957